MARC

LEADER 00000nam0a2200000 4500
001 246180
005 20231101232201.0
020 |a RU  |b 90-49845 
035 |a (RuTPU)RU\TPU\book\267622 
090 |a 246180 
100 |a 20131125d1989 k y0rusy5003 ca 
101 0 |a rus 
102 |a RU 
105 |a a z 001zy 
200 1 |a Совершенствование методов и технических средств подготовки геологических проб к исследованиям  |e сборник научных трудов  |f Геотехника ; Всесоюзный научно-исследовательский институт методики и техники разведки (ВИТР) ; под ред. А. Ф. Головачева 
210 |a Ленинград  |c Изд-во ВИТР  |d 1989 
215 |a 96 с.  |c ил. 
320 |a Библиогр. в конце статей 
606 1 |a Месторождения полезных ископаемых  |x Опробование  |2 stltpush  |3 (RuTPU)RU\TPU\subj\42238  |9 61925 
610 1 |a геологические пробы 
610 1 |a исследование 
610 1 |a инкрементное опробование 
610 1 |a минеральные материалы 
610 1 |a геохимическое опробование 
610 1 |a обеспечение 
610 1 |a лабораторные пробы 
610 1 |a подготовка 
610 1 |a установки 
610 1 |a использование 
610 1 |a сепараторы 
610 1 |a метрологическое обеспечение 
610 1 |a ртуть 
610 1 |a измерение 
675 |a 550.85  |v 3 
702 1 |a Головачев  |b А. Ф.  |4 340 
712 0 2 |a Геотехника  |c Научно-производственное объединение  |2 stltpush  |3 (RuTPU)RU\TPU\col\6026  |9 24204 
712 0 2 |a Всесоюзный научно-исследовательский институт методики и техники разведки (ВИТР)  |2 stltpush  |3 (RuTPU)RU\TPU\col\6027 
801 0 |a RU  |b RuMRKP  |c 19960705  |g psbo 
801 1 |a RU  |b 63413507  |c 20131125 
801 2 |a RU  |b 63413507  |c 20140114  |g RCR 
942 |c BK